| 000 | 01029nam a2200337 i 4500 | ||
|---|---|---|---|
| 001 | bg | ||
| 003 | BPK | ||
| 005 | 20210730075143.0 | ||
| 008 | s2006 pl a f f |000 0 pol | ||
| 020 | _a8391695565 | ||
| 040 | _cBPK | ||
| 041 | 0 | _apol | |
| 080 | _a624.01/.07 | ||
| 080 | _a725 | ||
| 080 | _a692 | ||
| 080 | _a(02.025.2) | ||
| 080 | _a(083.1) | ||
| 100 | 1 |
_aMarkiewicz, Przemysław _eAutor |
|
| 245 | 1 | 0 |
_aProjektowanie budynków halowych / _cPrzemysław Markiewicz. |
| 260 |
_aKraków : _b"Archi-Plus", _c2006. |
||
| 300 |
_a152 s. : _brys. ; _c30 cm. |
||
| 490 | 1 | _aVademecum Projektanta | |
| 504 | _aBibliogr. | ||
| 650 | 4 |
_aHale (bud.) _xprojekty. |
|
| 650 | 4 | _aKonstrukcje budowlane | |
| 655 | _aPoradnik | ||
| 830 | 0 | _aVademecum Projektanta | |
| 942 |
_cKS _2UKD |
||
| 856 |
_uhttp://koha.tu.koszalin.pl/cgi-bin/koha/opac-detail.pl?biblionumber=51900 _yKatalog online BPK |
||
| 999 |
_c51900 _d51900 |
||